Basic statistics for business and economics / (Record no. 348006)
[ view plain ]
| 000 -LEADER | |
|---|---|
| fixed length control field | 00941 a2200181 4500 |
| 020 ## - INTERNATIONAL STANDARD BOOK NUMBER | |
| International Standard Book Number | 0072344024 (hardcover) |
| 020 ## - INTERNATIONAL STANDARD BOOK NUMBER | |
| International Standard Book Number | 9780072344028 (hardcover) |
| 082 04 - DEWEY DECIMAL CLASSIFICATION NUMBER | |
| Classification number | 519.5 |
| 090 ## - LOCALLY ASSIGNED LC-TYPE CALL NUMBER (OCLC); LOCAL CALL NUMBER (RLIN) | |
| -- | 5602 |
| -- | 5602 |
| 100 1# - MAIN ENTRY--PERSONAL NAME | |
| Personal name | Lind, Douglas A. |
| 245 10 - TITLE STATEMENT | |
| Title | Basic statistics for business and economics / |
| Statement of responsibility, etc. | Douglas A. Lind. |
| 250 ## - EDITION STATEMENT | |
| Edition statement | 3rd ed. |
| 260 ## - PUBLICATION, DISTRIBUTION, ETC. | |
| Place of publication, distribution, etc. | [S.l.] : |
| Name of publisher, distributor, etc. | McGraw-Hill Companies, |
| Date of publication, distribution, etc. | 1999. |
| 300 ## - PHYSICAL DESCRIPTION | |
| Extent | 564 p. ; |
| Dimensions | 26 cm. |
| 520 ## - SUMMARY, ETC. | |
| Summary, etc. | Traditionally, this text has held a prestigious position in the lower-level undergraduate Business Statistics course, due to the books reputation for easy step-by-step instructions, examples and problems. However, this text also sells into the four-year and even MBA markets depending on the professors teaching style and level of the students, primarily in the one semester course. |
| 856 40 - ELECTRONIC LOCATION AND ACCESS | |
| Materials specified | Amazon.com |
| Uniform Resource Identifier | <a href="http://www.amazon.com/exec/obidos/ASIN/0072344024/chopaconline-20">http://www.amazon.com/exec/obidos/ASIN/0072344024/chopaconline-20</a> |
| 942 ## - ADDED ENTRY ELEMENTS (KOHA) | |
| Institution code [OBSOLETE] | NBS |
| Koha item type | Book |
| Call number prefix | 519.5 LIN |
| Withdrawn status | Lost status | Damaged status | Not for loan | Permanent Location | Current Location | Date acquired | Total Checkouts | Total Renewals | Full call number | Barcode | Date last seen | Date last checked out | Price effective from | Koha item type |
|---|---|---|---|---|---|---|---|---|---|---|---|---|---|---|
| Central Library (CL) | Central Library (CL) | 08/28/2013 | 17 | 7 | 519.5 LIN | NBS5117 | 01/26/2026 | 09/18/2025 | 08/28/2013 | Book |
